000 00287nam a2200121Ia 4500
008 190216s9999||||xx |||||||||||||| ||und||
100 _aRaja Raman V
245 0 _aPrinciples Of Computer Programming
260 _bPrentice Hall
_c1992
300 _a246p
650 _aComputer
942 _cBK
999 _c8436
_d8436